000 00341nam a2200133Ia 4500
008 230917s9999||||xx |||||||||||||| ||und||
040 _e142559
_aMAIN
041 _aEnglish
082 _a940.28 O2B
245 0 _aBritain and Ireland in the 1840s
260 _aMilton Keynes
_bThe Open university press
_c1976
300 _a83 p.
942 _cBK
999 _c43884
_d43884